ABBA - All Songs - Statistics

General Stats
  • This quiz has been taken 458 times
    455 since last reset
  • The average score is 36 of 108
Answer Stats
Answer % Correct
Waterloo
96%
Super Trouper
92%
Voulez-Vous
92%
Mamma Mia
91%
Dancing Queen
90%
Fernando
81%
Ring Ring
80%
Money, Money, Money
79%
Gimme! Gimme! Gimme! (A Man After Midnight)
76%
Chiquitita
73%
The Winner Takes It All
72%
SOS
70%
Does Your Mother Know
69%
Thank You for the Music
68%
Lay All Your Love on Me
67%
Honey, Honey
66%
Take a Chance on Me
66%
Arrival
62%
Angeleyes
60%
I Do, I Do, I Do, I Do, I Do
58%
Slipping Through My Fingers
58%
The Visitors
58%
When I Kissed the Teacher
57%
I Have a Dream
55%
Knowing Me, Knowing You
55%
Our Last Summer
54%
The Name of the Game
52%
One of Us
51%
Happy New Year
46%
Why Did It Have to Be Me
40%
Andante, Andante
39%
My Love, My Life
39%
Summer Night City
39%
Eagle
38%
When All Is Said and Done
35%
The Day Before You Came
34%
Head over Heels
32%
Hasta Mañana
29%
Kisses of Fire
29%
Tiger
29%
Under Attack
29%
If It Wasn't for the Nights
28%
I've Been Waiting for You
28%
Don't Shut Me Down
27%
Dance (While the Music Still Goes On)
26%
I Wonder (Departure)
26%
Nina, Pretty Ballerina
26%
The Way Old Friends Do
26%
I Still Have Faith in You
25%
On and On and On
24%
That's Me
24%
Dum Dum Diddle
23%
Hey, Hey Helen
23%
I'm a Marionette
23%
King Kong Song
23%
Like an Angel Passing Through My Room
23%
So Long
23%
The Piper
23%
Bang-A-Boomerang
22%
Cassandra
22%
Happy Hawaii
22%
People Need Love
22%
Rock Me
22%
The King Has Lost His Crown
22%
He Is Your Brother
20%
Hole in Your Soul
20%
As Good as New
19%
Another Town, Another Train
18%
Bumblebee
18%
Intermezzo No. 1
18%
Me and I
18%
Disillusion
17%
Elaine
17%
Just a Notion
17%
Sitting in the Palmtree
17%
Soldiers
17%
Tropical Loveland
17%
Keep an Eye on Dan
16%
Little Things
16%
Medley : Pick a Bale of Cotton/On Top of Old Smokey/Midnight Special
16%
Move On
16%
One Man, One Woman
16%
I Let the Music Speak
15%
Lovelight
15%
Rock'n Roll Band
15%
Lovers (Live a Little Longer)
14%
Me and Bobby and Bobby's Brother
14%
Gonna Sing You My Lovesong
13%
Love Isn't Easy (But It Sure Is Hard Enough)
13%
My Mama Said
13%
Put On Your White Sombrero
13%
She's My Kind of Girl
13%
Two for the Price of One
13%
When You Danced with Me
13%
I Can Be That Woman
12%
Ode to Freedom
12%
Suzy-Hang-Around
12%
Crazy World
11%
I Saw It in the Mirror
11%
No Doubt About It
11%
Watch Out
11%
What About Livingstone?
11%
I Am Just a Girl
10%
Man in the Middle
10%
Merry-Go-Round
10%
Santa Rosa
9%
Should I Laugh or Cry
9%
You Owe Me One
9%
No matching quizzes found
Score Distribution
Percent of People with Each Score
Percentile by Number Answered
Your Score History
You have not taken this quiz since the last reset